| 000 | 00487nam a2200205Ia 4500 | ||
|---|---|---|---|
| 003 | OSt | ||
| 005 | 20230418114018.0 | ||
| 008 | 210423s1973 xx 000 0 und d | ||
| 020 | _a0-330-23381-5 | ||
| 040 | _cAL | ||
| 041 | _aeng | ||
| 082 |
_a813.54 _223 _bKOSB |
||
| 100 |
_aKOSINSKI (Jerzy) _989925 |
||
| 245 | _aBeing there | ||
| 260 |
_aLondon _bPan Book Ltd _c1973 |
||
| 300 |
_a118 _bPB |
||
| 650 |
_aAmerican Fiction _989926 |
||
| 906 | _aBeing ; there | ||
| 942 |
_2ddc _cBK |
||
| 999 |
_c170028 _d170028 |
||